000 00199 a2200097 4500
020 _a9780062075154
041 _aeng
100 _aHerman Parish
245 _aAmelia Bedelia Makes a Friend
942 _cK
999 _c27761
_d27761